[Event "19th EUR-ch"]
[Site "Batumi GEO"]
[Date "2018.03.18"]
[Round "2.109"]
[White "Stukan, Martin"]
[Black "Mindlin, Alon"]
[Result "1-0"]
[WhiteElo "2210"]
[BlackElo "2442"]
[EventDate "2018.03.17"]
[PlyCount "77"]

1.e4 e5 2.Nf3 Nc6 3.Bb5 a6 4.Ba4 Nf6 5.O-O Be7 6.Re1 b5 7.Bb3 d6 8.c3 O-O 
9.h3 Bb7 10.d4 Re8 11.Ng5 Rf8 12.Nf3 h6 13.Nbd2 exd4 14.cxd4 Nb4 15.Qe2 c5
16.a3 c4 17.axb4 cxb3 18.d5 Re8 19.Nxb3 Bf8 20.Qd3 Rc8 21.Bd2 Nh5 22.Nfd4 
Qf6 23.Na5 Ba8 24.Nac6 Bb7 25.Bc3 Qg6 26.Qf3 Nf6 27.Nf5 Nh7 28.Ncd4 Ng5 
29.Qd3 Rc7 30.Re3 Bc8 31.Rae1 Rc4 32.Ng3 h5 33.h4 Nh7 34.Ngf5 Nf6 35.Rg3 
Qh7 36.Rg5 Nxd5 37.exd5 Re5 38.Rxe5 dxe5 39.Nc6 1-0

[Event "19th EUR-ch"]
[Site "Batumi GEO"]
[Date "2018.03.18"]
[Round "2.110"]
[White "Pechac, Jergus"]
[Black "Babazada, Khazar"]
[Result "1/2-1/2"]
[WhiteElo "2440"]
[BlackElo "2230"]
[EventDate "2018.03.17"]
[PlyCount "147"]

1.b3 d5 2.Bb2 Bg4 3.Nf3 Bxf3 4.exf3 Nf6 5.g3 e6 6.f4 c5 7.Bg2 Nc6 8.O-O 
Be7 9.d3 O-O 10.Nd2 Nd7 11.c4 Bf6 12.Bxf6 Nxf6 13.Nf3 Qa5 14.Ne5 Rad8 15.
Nxc6 bxc6 16.Qe1 Qxe1 17.Rfxe1 dxc4 18.dxc4 Rd6 19.f5 exf5 20.Re7 Rfd8 21.
Kf1 R8d7 22.Rae1 g6 23.Rxd7 Nxd7 24.Re8+ Kg7 25.Ra8 Ne5 26.Rxa7 Rd2 27.f4 
Ng4 28.Bxc6 Rxh2 29.Bd5 Ne3+ 30.Kg1 Rd2 31.Bxf7 Rg2+ 32.Kh1 Rf2 33.b4 Rf1+
34.Kh2 Rf2+ 35.Kh3 Ng4 36.Bd5+ Kh6 37.Bg2 Ne3 38.Re7 Nxg2 39.b5 Rxa2 40.b6
Rc2 41.b7 Rb2 42.b8=Q Rxb8 43.Kxg2 Rb4 44.Kh3 Rxc4 45.Rc7 Rc1 46.Kg2 c4 
47.Kh2 Rc2+ 48.Kh3 c3 49.Rc5 Kg7 50.Rc7+ Kh6 51.Rc5 Rc1 52.Rc7 Rc2 53.Rc5 
Kg7 54.Rc7+ Kf6 55.Rxh7 Rd2 56.Rc7 c2 57.Rc6+ Ke7 58.Kh4 Kd7 59.Rc4 Ke6 
60.Rc8 Rh2+ 61.Kg5 Rg2 62.Kh6 Kd5 63.Kxg6 Ke4 64.Kf6 Kd3 65.Kxf5 Rxg3 66.
Ke6 Re3+ 67.Kd6 Rf3 68.Ke5 Rf1 69.Rxc2 Kxc2 70.f5 Kd3 71.f6 Kc4 72.Ke6 Kc5
73.f7 Kc6 74.Ke7 1/2-1/2

[Event "19th EUR-ch"]
[Site "Batumi GEO"]
[Date "2018.03.18"]
[Round "2.111"]
[White "Sargsian, Anna M."]
[Black "Mazur, Stefan"]
[Result "1-0"]
[WhiteElo "2188"]
[BlackElo "2439"]
[EventDate "2018.03.17"]
[PlyCount "135"]

1.d4 d5 2.c4 e6 3.Nf3 Nf6 4.Nc3 Be7 5.Bf4 O-O 6.e3 b6 7.Rc1 c5 8.dxc5 bxc5
9.cxd5 Nxd5 10.Nxd5 exd5 11.Qd2 Be6 12.Bd3 Nd7 13.O-O Nf6 14.Qc2 h6 15.
Rfd1 Qb6 16.h3 Rfc8 17.b3 a5 18.Bf5 a4 19.Bxe6 Qxe6 20.Qd3 c4 21.bxc4 dxc4
22.Qc2 Ba3 23.Nd4 Qe8 24.Rb1 Bf8 25.Nb5 Ra5 26.Nc3 Qc6 27.Rd4 Nd5 28.Nxd5 
Rxd5 29.Rxd5 Qxd5 30.Qxa4 g5 31.Rd1 Qe4 32.Bg3 Ra8 33.Qb5 c3 34.Rc1 Bg7 
35.Qb3 Rc8 36.a4 h5 37.a5 h4 38.Bc7 Qc6 39.Bb6 Rb8 40.Qc2 Qc4 41.Bd4 Rb3 
42.Bxg7 Kxg7 43.Qf5 f6 44.Qd7+ Kh6 45.Qe7 Kg6 46.Qe8+ Kh6 47.a6 c2 48.a7 
Rb1 49.a8=Q Rxc1+ 50.Kh2 Qc7+ 51.f4 Rh1+ 52.Kxh1 c1=Q+ 53.Kh2 Q1c2 54.Qf3 
Q2h7 55.Qg4 Qg6 56.Qh8+ Qch7 57.Qgc8 gxf4 58.Qcf8+ Kh5 59.Qc5+ Kh6 60.
Qcf8+ Kh5 61.Qxh7+ Qxh7 62.exf4 Kg6 63.Qc8 Qh6 64.Qg4+ Kf7 65.Qd7+ Kg6 66.
f5+ Kh5 67.Qd1+ Kg5 68.Qg4# 1-0

[Event "19th EUR-ch"]
[Site "Batumi GEO"]
[Date "2018.03.18"]
[Round "2.112"]
[White "Yankelevich, Lev"]
[Black "Sahin, Ozgun"]
[Result "1-0"]
[WhiteElo "2437"]
[BlackElo "2201"]
[EventDate "2018.03.17"]
[PlyCount "31"]

1.d4 Nf6 2.c4 e5 3.dxe5 Ng4 4.Bf4 Bb4+ 5.Nd2 d6 6.exd6 Qf6 7.e3 Qxb2 8.Nf3
Nc6 9.Be2 cxd6 10.O-O Nge5 11.a3 Nxf3+ 12.Nxf3 Bc5 13.Ng5 Bf5 14.Bd3 Bg6 
15.Bxg6 hxg6 16.Qd3 1-0

[Event "19th EUR-ch"]
[Site "Batumi GEO"]
[Date "2018.03.18"]
[Round "2.113"]
[White "Burnett, Andrew"]
[Black "Bernotas, Arturs"]
[Result "0-1"]
[WhiteElo "2183"]
[BlackElo "2436"]
[EventDate "2018.03.17"]
[PlyCount "72"]

1.e4 d6 2.d4 Nf6 3.Nc3 e5 4.f4 exd4 5.Qxd4 Be7 6.Nf3 O-O 7.Be3 Nc6 8.Qd2 
Re8 9.Bc4 Be6 10.Bxe6 fxe6 11.Qe2 Bf8 12.O-O-O Qe7 13.Ng5 h6 14.h4 Kh8 15.
g4 Rad8 16.a3 Rd7 17.Qg2 d5 18.e5 Nh7 19.Nxh7 Kxh7 20.g5 Qf7 21.Ne2 h5 22.
Rhg1 g6 23.Ng3 Kg8 24.Qe2 Red8 25.Kb1 Ne7 26.Bxa7 b6 27.f5 Nxf5 28.Rdf1 
Bc5 29.Nxf5 exf5 30.e6 Qe7 31.Rg2 Rd6 32.Re1 Ra8 33.b4 Bd4 34.Qd3 Bh8 35.
Qa6 Qg7 36.c3 Qxc3 0-1

[Event "19th EUR-ch"]
[Site "Batumi GEO"]
[Date "2018.03.18"]
[Round "2.114"]
[White "Utiatskaja, Irina"]
[Black "Zavhorodnii, Serhii"]
[Result "0-1"]
[WhiteElo "2165"]
[BlackElo "2430"]
[EventDate "2018.03.17"]
[PlyCount "66"]

1.e4 e5 2.Nf3 d6 3.d4 exd4 4.Nxd4 Nf6 5.Nc3 Be7 6.g3 O-O 7.Bg2 Bg4 8.Nde2 
c6 9.h3 Be6 10.O-O a5 11.Nd4 Nbd7 12.g4 Nc5 13.Nf5 Bxf5 14.gxf5 Nfd7 15.a4
Qb6 16.Kh1 Rad8 17.Ne2 Rfe8 18.Ng3 Bh4 19.Nh5 Nf6 20.Nxf6+ Bxf6 21.Re1 Qb4
22.c3 Qc4 23.Be3 Nxe4 24.Bb6 Ra8 25.Bxe4 Rxe4 26.Qxd6 Rae8 27.Qd2 h6 28.
Rg1 Re2 29.Qd7 Qe4+ 30.Rg2 Qf3 31.Rf1 Re1 32.Kg1 Rxf1+ 33.Kxf1 Qe2+ 0-1

[Event "19th EUR-ch"]
[Site "Batumi GEO"]
[Date "2018.03.18"]
[Round "2.115"]
[White "Perunovic, Miodrag"]
[Black "Nikolaidis, Konstantinos"]
[Result "1/2-1/2"]
[WhiteElo "2429"]
[BlackElo "2184"]
[EventDate "2018.03.17"]
[PlyCount "99"]

1.d4 Nf6 2.c4 e6 3.Nf3 b6 4.g3 Ba6 5.Qc2 Bb7 6.Bg2 c5 7.d5 exd5 8.cxd5 
Nxd5 9.O-O Be7 10.Qe4 Bc6 11.Ne5 Nf6 12.Nxc6 Nxc6 13.Qa4 O-O 14.Rd1 Qc8 
15.Nc3 a6 16.Bg5 h6 17.Bxf6 Bxf6 18.Nd5 Bd8 19.Qe4 Ra7 20.Rac1 Qb8 21.e3 
Qe5 22.Qb1 Ne7 23.Nf4 d6 24.Rc4 d5 25.Bxd5 Nxd5 26.Rxd5 Qf6 27.Nh5 Qe6 28.
Qd1 Bf6 29.b3 Raa8 30.Rg4 Kh8 31.Nf4 Qe7 32.Rh5 Rad8 33.Qf3 Be5 34.Qe4 
Rfe8 35.Nh3 Bb8 36.Qf3 Rd6 37.Rf5 Rd7 38.Kg2 Kh7 39.Rh4 Kh8 40.Ng5 f6 41.
Ne4 Rf8 42.Rfh5 Qe6 43.g4 Kg8 44.Rf5 Rdd8 45.Rfh5 Rd7 46.Rh3 Re8 47.Nc3 
Be5 48.Ne4 Bb8 49.Ng3 Bxg3 50.Rxg3 1/2-1/2

[Event "19th EUR-ch"]
[Site "Batumi GEO"]
[Date "2018.03.18"]
[Round "2.116"]
[White "Smolin, Sergey"]
[Black "Zarubitski, Viachaslau"]
[Result "0-1"]
[WhiteElo "2153"]
[BlackElo "2425"]
[EventDate "2018.03.17"]
[PlyCount "87"]

1.e4 c5 2.Nc3 Nc6 3.Nge2 e6 4.g3 Nf6 5.Bg2 Be7 6.O-O O-O 7.h3 d6 8.g4 Rb8 
9.f4 Nd7 10.d3 b5 11.Be3 b4 12.Na4 Bb7 13.b3 Re8 14.Qd2 Qc7 15.g5 Rbd8 16.
Nb2 Nf8 17.f5 d5 18.f6 Bd6 19.Bf4 Ng6 20.Bxd6 Qxd6 21.Qe3 Qe5 22.Na4 Nd4 
23.Nxd4 cxd4 24.Qf2 dxe4 25.fxg7 Re7 26.dxe4 Qxg5 27.Rae1 Ba6 28.Qf6 Qxf6 
29.Rxf6 Rc7 30.Rf2 Rdc8 31.Bf1 Bxf1 32.Rexf1 Ne5 33.Rd1 Rxc2 34.Rxd4 a5 
35.Rd6 Kxg7 36.Ra6 Nd3 37.Rf3 Rc1+ 38.Kh2 R8c2+ 39.Kg3 Ne5 40.Re3 Rg1+ 41.
Kh4 Ng6+ 42.Kh5 Rcg2 43.Rxa5 h6 44.h4 0-1

[Event "19th EUR-ch"]
[Site "Batumi GEO"]
[Date "2018.03.18"]
[Round "2.117"]
[White "Haria, Ravi"]
[Black "Eynullayev, Altay"]
[Result "1/2-1/2"]
[WhiteElo "2424"]
[BlackElo "2163"]
[EventDate "2018.03.17"]
[PlyCount "56"]

1.e4 c5 2.Nf3 d6 3.Bb5+ Nc6 4.O-O Bd7 5.Re1 Nf6 6.c3 a6 7.Bc4 Bg4 8.d4 
cxd4 9.cxd4 Bxf3 10.gxf3 e5 11.Be3 Be7 12.Nc3 O-O 13.f4 Rc8 14.Be2 Re8 15.
Rc1 Bf8 16.Bf3 g6 17.Qd2 Bg7 18.fxe5 dxe5 19.d5 Nd4 20.Bg2 Nh5 21.Ne2 Nb5 
22.Rxc8 Qxc8 23.Ng3 Nf4 24.Bxf4 exf4 25.Qxf4 Bxb2 26.e5 Qc3 27.Re3 Qc7 28.
Bf1 Bxe5 1/2-1/2

[Event "19th EUR-ch"]
[Site "Batumi GEO"]
[Date "2018.03.18"]
[Round "2.118"]
[White "Janik, Igor"]
[Black "Qalagashvili, Pridon"]
[Result "1/2-1/2"]
[WhiteElo "2422"]
[BlackElo "2153"]
[EventDate "2018.03.17"]
[PlyCount "29"]

1.e4 c5 2.Nf3 e6 3.g3 Nc6 4.Bg2 d6 5.O-O Nf6 6.Re1 Be7 7.c3 O-O 8.d4 cxd4 
9.cxd4 d5 10.e5 Ne4 11.Nbd2 Bb4 12.Re2 Nxd2 13.Bxd2 a5 14.Qe1 Qb6 15.a3 
1/2-1/2

[Event "19th EUR-ch"]
[Site "Batumi GEO"]
[Date "2018.03.18"]
[Round "2.119"]
[White "Kuchava, Ana"]
[Black "Sousa, Andre Ventura"]
[Result "0-1"]
[WhiteElo "2149"]
[BlackElo "2417"]
[EventDate "2018.03.17"]
[PlyCount "72"]

1.d4 d5 2.Nf3 Nf6 3.c4 e6 4.e3 a6 5.Qc2 Nbd7 6.b3 Bb4+ 7.Nbd2 dxc4 8.bxc4 
c5 9.a3 Ba5 10.Bd3 Bc7 11.Bb2 O-O 12.O-O h6 13.Rfd1 Qe7 14.a4 a5 15.Nb3 e5
16.Bf5 b6 17.Bxd7 Nxd7 18.dxc5 bxc5 19.Ba3 e4 20.Nfd2 Bb7 21.Nf1 Bc6 22.
Nd4 Ra6 23.Rab1 Ba8 24.Nb5 Ne5 25.Nxc7 Qxc7 26.Ng3 Nd3 27.Qc3 f5 28.Nh5 
Rg6 29.g3 Qc6 30.Kf1 f4 31.Nxf4 Nxf4 32.gxf4 Qe6 33.Ke1 Bc6 34.Qxa5 Qxc4 
35.Rbc1 Rg1+ 36.Kd2 Qd3# 0-1

[Event "19th EUR-ch"]
[Site "Batumi GEO"]
[Date "2018.03.18"]
[Round "2.120"]
[White "Gadimbayli, Abdulla"]
[Black "Gebigke, Martin"]
[Result "1-0"]
[WhiteElo "2416"]
[BlackElo "2132"]
[EventDate "2018.03.17"]
[PlyCount "55"]

1.e4 c5 2.Nf3 d6 3.d4 cxd4 4.Nxd4 Nf6 5.Nc3 a6 6.Qd3 Nbd7 7.Be2 e6 8.a4 b6
9.Qg3 Bb7 10.f3 Qc7 11.Be3 Be7 12.Qxg7 Rg8 13.Qh6 Rxg2 14.Qh3 Rg6 15.O-O-O
Rc8 16.Kb1 Ne5 17.Rhg1 Nc4 18.Bxc4 Qxc4 19.Nb3 Qc7 20.Rxg6 hxg6 21.Qh8+ 
Kd7 22.Qg7 Rh8 23.a5 bxa5 24.Na4 Ke8 25.Rd3 Bc6 26.Nb6 a4 27.Na5 Bd8 28.
Rc3 1-0

[Event "19th EUR-ch"]
[Site "Batumi GEO"]
[Date "2018.03.18"]
[Round "2.121"]
[White "Simonian, Latush"]
[Black "Erenberg, Ariel"]
[Result "0-1"]
[WhiteElo "2111"]
[BlackElo "2415"]
[EventDate "2018.03.17"]
[PlyCount "122"]

1.e4 e5 2.Nf3 Nc6 3.Bb5 a6 4.Ba4 Nf6 5.O-O Be7 6.Re1 b5 7.Bb3 d6 8.c3 O-O 
9.h3 Nb8 10.d4 Nbd7 11.Nbd2 Bb7 12.Bc2 Re8 13.Nf1 Bf8 14.Ng3 g6 15.b3 Rb8 
16.d5 c6 17.c4 Qc7 18.Be3 bxc4 19.bxc4 Nc5 20.Qd2 Nfd7 21.h4 a5 22.h5 Ba6 
23.Nh4 Bxc4 24.Bh6 Rb2 25.Bxf8 Nxf8 26.Qc3 Rxc2 27.Qxc2 cxd5 28.Rad1 Qe7 
29.Nf3 Nxe4 30.Nxe4 dxe4 31.Rxe4 Ba6 32.Qd2 Bb7 33.Re3 Bxf3 34.Rxf3 Ne6 
35.hxg6 hxg6 36.Qxa5 Nf4 37.g3 Qb7 38.Rxf4 exf4 39.Qa4 Re4 40.Qa3 fxg3 41.
Qxg3 Qb4 42.Qd3 Rg4+ 43.Kf1 Qb7 44.Qd5 Qa6+ 45.Rd3 Ra4 46.Qxd6 Qxd6 47.
Rxd6 Rxa2 48.Kg2 Kg7 49.Rb6 f5 50.Kg3 Kh6 51.Rb3 Kh5 52.f4 Ra1 53.Rc3 Rg1+
54.Kh3 Rg4 55.Rf3 Kh6 56.Rf1 Kg7 57.Rf2 Kf6 58.Rf1 Ke6 59.Re1+ Kd5 60.Re5+
Kd6 61.Re1 Kd5 0-1

[Event "19th EUR-ch"]
[Site "Batumi GEO"]
[Date "2018.03.18"]
[Round "2.122"]
[White "Berchtenbreiter, Maximilian"]
[Black "Mochalin, Faddey"]
[Result "1-0"]
[WhiteElo "2414"]
[BlackElo "2110"]
[EventDate "2018.03.17"]
[PlyCount "73"]

1.e4 e6 2.d3 c5 3.Nf3 Nc6 4.g3 g6 5.Bg2 Bg7 6.c3 Nge7 7.O-O O-O 8.Re1 d6 
9.Nbd2 e5 10.a3 h6 11.b4 Be6 12.Nb3 b6 13.Nfd2 Rc8 14.Nc4 f5 15.b5 Nb8 16.
exf5 gxf5 17.Nbd2 Qc7 18.a4 Nd7 19.Ra3 Rce8 20.f4 Kh8 21.fxe5 dxe5 22.a5 
Nd5 23.Nf3 e4 24.Nh4 Kg8 25.Bd2 N7f6 26.axb6 axb6 27.Ng6 Ng4 28.Nxf8 Rxf8 
29.Qe2 Kh8 30.dxe4 fxe4 31.Bxe4 h5 32.Rf1 Rg8 33.Bh7 Re8 34.Bg6 Bf7 35.
Rxf7 Qd8 36.Rd7 Qxd7 37.Qxe8+ 1-0

[Event "19th EUR-ch"]
[Site "Batumi GEO"]
[Date "2018.03.18"]
[Round "2.123"]
[White "Vardanian, Hamazasp"]
[Black "Can, Isik"]
[Result "0-1"]
[WhiteElo "2109"]
[BlackElo "2413"]
[EventDate "2018.03.17"]
[PlyCount "41"]

1.c4 c6 2.e4 d5 3.Nc3 dxe4 4.Nxe4 Bf5 5.Nc3 Na6 6.a3 Qa5 7.Ra2 e5 8.d4 
O-O-O 9.d5 Nf6 10.b4 Qc7 11.Bg5 Be7 12.Rd2 Nxd5 13.Nxd5 Bxg5 14.Nxc7 Bxd2+
15.Ke2 Nxc7 16.a4 Bxb4 17.Qa1 Bd3+ 18.Kf3 Bc3 19.Qc1 Bd2 20.Qa1 Ne6 21.Nh3
0-1

[Event "19th EUR-ch"]
[Site "Batumi GEO"]
[Date "2018.03.18"]
[Round "2.124"]
[White "Abdulov, Orkhan"]
[Black "Samadov, Read"]
[Result "1-0"]
[WhiteElo "2412"]
[BlackElo "2099"]
[EventDate "2018.03.17"]
[PlyCount "83"]

1.c4 Nf6 2.Nc3 g6 3.g3 Bg7 4.Bg2 O-O 5.d4 c5 6.Nf3 cxd4 7.Qxd4 Nc6 8.Qh4 
Qa5 9.O-O Qh5 10.Qxh5 Nxh5 11.Be3 b6 12.Rfd1 Rd8 13.Rac1 Ba6 14.Nd5 Bb7 
15.b3 Rab8 16.Nd4 Bxd4 17.Bxd4 Nxd4 18.Rxd4 e6 19.Nc3 Kf8 20.Rcd1 Ke7 21.
e4 Ng7 22.e5 Bxg2 23.Kxg2 Nf5 24.R4d3 a6 25.Ne4 h5 26.h3 Nh6 27.Nf6 Rb7 
28.g4 h4 29.Rd4 Rc7 30.R1d2 Rb7 31.Ne4 Rc7 32.Rd6 Rb8 33.Nf6 Rbb7 34.Kf3 
g5 35.Ke3 b5 36.f4 gxf4+ 37.Kxf4 Rb8 38.Rxd7+ Rxd7 39.Rxd7+ Kf8 40.c5 Rc8 
41.c6 Rxc6 42.g5 1-0

[Event "19th EUR-ch"]
[Site "Batumi GEO"]
[Date "2018.03.18"]
[Round "2.125"]
[White "Grinev, Boris"]
[Black "Korchmar, Vasiliy"]
[Result "0-1"]
[WhiteElo "2092"]
[BlackElo "2411"]
[EventDate "2018.03.17"]
[PlyCount "74"]

1.d4 Nf6 2.Nf3 d5 3.Bf4 c5 4.e3 Nc6 5.c3 Qb6 6.b3 Bg4 7.Be2 e6 8.O-O Be7 
9.h3 Bf5 10.Nbd2 h6 11.Ne5 cxd4 12.exd4 Rc8 13.Be3 O-O 14.b4 Qd8 15.Rc1 
Nxe5 16.dxe5 Nd7 17.Bd4 Qc7 18.f4 f6 19.g4 Bh7 20.Nf3 Be4 21.Nd2 fxe5 22.
fxe5 Rxf1+ 23.Bxf1 Bg6 24.Nf3 Bxb4 25.Bd3 Bxd3 26.Qxd3 Bc5 27.g5 Nxe5 28.
Nxe5 Qxe5 29.Rf1 Bxd4+ 30.cxd4 Qxg5+ 31.Kh1 Rc1 32.Rxc1 Qxc1+ 33.Kg2 Qb2+ 
34.Kf3 Qxa2 35.Qg6 Qa3+ 36.Kg4 Qe7 37.h4 Qf7 0-1

[Event "19th EUR-ch"]
[Site "Batumi GEO"]
[Date "2018.03.18"]
[Round "2.126"]
[White "Schekachikhin, Maksim"]
[Black "Day, Thomas W."]
[Result "1-0"]
[WhiteElo "2406"]
[BlackElo "2083"]
[EventDate "2018.03.17"]
[PlyCount "95"]

1.d4 Nf6 2.c4 e6 3.Nc3 Bb4 4.Qc2 c5 5.dxc5 Bxc5 6.Nf3 Qb6 7.e3 O-O 8.Be2 
d5 9.cxd5 exd5 10.O-O Bb4 11.Rd1 Be6 12.a3 Be7 13.b4 Rc8 14.Bb2 Nbd7 15.
Rac1 a5 16.b5 Ne4 17.Qb1 Nxc3 18.Rxc3 Bf6 19.Rxc8+ Rxc8 20.Rc1 Rxc1+ 21.
Qxc1 Bxb2 22.Qxb2 Qc5 23.h3 Nb6 24.Qe5 Qc1+ 25.Kh2 Qc8 26.Nd4 Nd7 27.Qg3 
Qb8 28.f4 Nf6 29.Bf3 Ne4 30.Bxe4 dxe4 31.b6 Bd5 32.Qg5 Bc4 33.Qxa5 h6 34.
Qc5 Ba6 35.Nf5 Qe8 36.Qd4 f6 37.Qd5+ Kh7 38.Nd6 Qe7 39.Qxe4+ Qxe4 40.Nxe4 
Bb5 41.Nc5 Bc6 42.a4 Kg6 43.a5 h5 44.g4 hxg4 45.hxg4 f5 46.Kg3 fxg4 47.
Kxg4 Kf6 48.a6 1-0

[Event "19th EUR-ch"]
[Site "Batumi GEO"]
[Date "2018.03.18"]
[Round "2.127"]
[White "Uzunoglu, Efe Kerem"]
[Black "Tate, Alan"]
[Result "1-0"]
[WhiteElo "2060"]
[BlackElo "2399"]
[EventDate "2018.03.17"]
[PlyCount "60"]

1.d4 d5 2.c4 e6 3.Nf3 c6 4.g3 f5 5.Bg2 Bd6 6.O-O Nf6 7.b3 Qe7 8.Bb2 O-O 9.
Qc1 Na6 10.Ba3 Bxa3 11.Nxa3 Bd7 12.Ne5 Rac8 13.Qb2 Be8 14.Nc2 Bh5 15.e3 
Nd7 16.Nxd7 Qxd7 17.Ne1 Qe7 18.Nd3 Nb8 19.f3 Nd7 20.Rfe1 g5 21.Rac1 Bg6 
22.f4 b6 23.b4 Nf6 24.a4 Ne4 25.Ne5 Bh5 26.Bxe4 dxe4 27.a5 gxf4 28.exf4 
Rcd8 29.Rc2 Kh8 30.b5 Be8 1-0

[Event "19th EUR-ch"]
[Site "Batumi GEO"]
[Date "2018.03.18"]
[Round "2.128"]
[White "Muradli, Mahammad"]
[Black "Ziroian, David"]
[Result "1-0"]
[WhiteElo "2398"]
[BlackElo "2080"]
[EventDate "2018.03.17"]
[PlyCount "77"]

1.d4 Nf6 2.c4 c5 3.d5 b5 4.cxb5 a6 5.bxa6 Bxa6 6.Nc3 d6 7.Nf3 g6 8.e4 Bxf1
9.Kxf1 Nbd7 10.h3 Bg7 11.g3 O-O 12.Kg2 Qa5 13.Re1 Ne8 14.Bg5 Bxc3 15.bxc3 
f6 16.Bh6 Ng7 17.Qc2 Rfb8 18.Reb1 Nb6 19.Rb3 Nc4 20.Rxb8+ Rxb8 21.Rb1 Rxb1
22.Qxb1 Nb6 23.h4 Qa6 24.a4 Ne8 25.h5 g5 26.e5 dxe5 27.Nxg5 fxg5 28.Qf5 
Nd7 29.Qxd7 Kf7 30.Bxg5 Qd6 31.Qf5+ Kg8 32.c4 Ng7 33.Qc8+ Kf7 34.h6 Ne8 
35.Qf5+ Kg8 36.a5 Nc7 37.Qc8+ Kf7 38.Qh8 Qg6 39.Qxe5 1-0

[Event "19th EUR-ch"]
[Site "Batumi GEO"]
[Date "2018.03.18"]
[Round "2.129"]
[White "Nesterov, Arseniy"]
[Black "Henseler, Jorgen"]
[Result "1/2-1/2"]
[WhiteElo "2388"]
[BlackElo "2043"]
[EventDate "2018.03.17"]
[PlyCount "58"]

1.d4 Nf6 2.c4 g6 3.Nc3 Bg7 4.e4 d6 5.Be2 O-O 6.Bg5 Na6 7.Qd2 e5 8.d5 c6 9.
f3 cxd5 10.cxd5 Bd7 11.g4 h6 12.Be3 h5 13.h3 Nc5 14.b4 Na4 15.Nxa4 Bxa4 
16.Bd3 Nxd5 17.exd5 e4 18.Bg5 Qd7 19.fxe4 Bxa1 20.gxh5 Rac8 21.Ne2 Bb5 22.
Bh6 Bxd3 23.Qxd3 Bg7 24.Bxg7 Kxg7 25.Qd4+ f6 26.Rg1 Qxh3 27.Rxg6+ Kh7 28.
Rg3 Qh1+ 29.Kd2 Rc7 1/2-1/2

[Event "19th EUR-ch"]
[Site "Batumi GEO"]
[Date "2018.03.18"]
[Round "2.130"]
[White "Morozov, Vitalij"]
[Black "Bashirli, Nail"]
[Result "0-1"]
[WhiteElo "2039"]
[BlackElo "2384"]
[EventDate "2018.03.17"]
[PlyCount "105"]

1.e4 Nf6 2.e5 Nd5 3.d4 d6 4.c4 Nb6 5.exd6 cxd6 6.Nc3 g6 7.Be3 Bg7 8.Rc1 
O-O 9.b3 Bf5 10.Nf3 d5 11.cxd5 Nxd5 12.Nxd5 Qxd5 13.Bc4 Qd6 14.Ne5 Bxe5 
15.dxe5 Qxe5 16.Qd5 Nc6 17.Qxe5 Nxe5 18.Ke2 Rfc8 19.Rhd1 Nxc4 20.Rxc4 Rxc4
21.bxc4 f6 22.c5 Kf7 23.Rd4 Be6 24.a3 Rc8 25.Ra4 a6 26.f3 Bd5 27.Rb4 Bc6 
28.Rh4 h5 29.Rb4 g5 30.Kf2 a5 31.Rb2 Ke6 32.Rd2 Kf5 33.Rd4 e5 34.Rd6 g4 
35.Bd2 a4 36.Ba5 e4 37.fxe4+ Bxe4 38.Bb4 h4 39.g3 h3 40.Kf1 Bf3 41.Kf2 Re8
42.Rd2 Re4 43.Rd5+ Kg6 44.Rd2 Rc4 45.Ke3 Kf5 46.Kd3 Rc1 47.Bc3 Rh1 48.Ke3 
Bg2 49.Rf2+ Ke6 50.Rxf6+ Kd5 51.Rf2 Rxh2 52.Kf4 Rh1 53.Kxg4 0-1

[Event "19th EUR-ch"]
[Site "Batumi GEO"]
[Date "2018.03.18"]
[Round "2.131"]
[White "Polivanov, Anatoliy"]
[Black "Soyunlu, Narmin"]
[Result "1-0"]
[WhiteElo "2383"]
[BlackElo "2035"]
[EventDate "2018.03.17"]
[PlyCount "47"]

1.d4 Nf6 2.c4 e6 3.Nc3 Bb4 4.f3 c5 5.d5 O-O 6.e4 d6 7.Bg5 exd5 8.cxd5 a6 
9.Bd3 Nbd7 10.Ne2 Ne5 11.Bc2 Ba5 12.O-O b5 13.a3 Bd7 14.f4 Nc4 15.e5 dxe5 
16.fxe5 Nxe5 17.Ne4 Neg4 18.Nxf6+ Nxf6 19.Rxf6 c4 20.Qd4 gxf6 21.Qh4 Qb6+ 
22.Kh1 Rfb8 23.Qxh7+ Kf8 24.Qh6+ 1-0

[Event "19th EUR-ch"]
[Site "Batumi GEO"]
[Date "2018.03.18"]
[Round "2.132"]
[White "Turan, Asim"]
[Black "Voit, Daria"]
[Result "0-1"]
[WhiteElo "2024"]
[BlackElo "2382"]
[EventDate "2018.03.17"]
[PlyCount "124"]

1.d4 Nf6 2.c4 e6 3.g3 d5 4.Nf3 Bb4+ 5.Bd2 Be7 6.Bg2 O-O 7.O-O c6 8.Qc2 
Nbd7 9.Bg5 b6 10.Nbd2 Bb7 11.e4 h6 12.Bxf6 Nxf6 13.Rac1 dxe4 14.Nxe4 c5 
15.Nxf6+ Bxf6 16.Rcd1 Qc7 17.dxc5 bxc5 18.Rd2 Bxf3 19.Bxf3 Rae8 20.Rfd1 
Bd4 21.b4 e5 22.bxc5 Qxc5 23.Bd5 Kh8 24.Qf5 Qe7 25.Rb1 g6 26.Qg4 Rb8 27.
Rdd1 Kg7 28.Qe2 Qc5 29.Kh1 Rb6 30.Rxb6 axb6 31.f4 exf4 32.Qe4 Bc3 33.Qxf4 
f5 34.Rc1 Bf6 35.Re1 Rd8 36.Qf3 b5 37.Rc1 h5 38.Qf1 bxc4 39.Bxc4 Rd2 40.
Be2 Qe3 41.Re1 h4 42.Bf3 Qa7 43.Re2 Qxa2 44.Rxd2 Qxd2 45.Qe2 Qc1+ 46.Qd1 
Qc3 47.gxh4 Bxh4 48.Kg2 Bf6 49.Qd7+ Kh6 50.Qe8 Qd2+ 51.Qe2 Qg5+ 52.Kh1 Bd4
53.Qf1 Qe3 54.Bd5 g5 55.h3 Kh5 56.Bf3+ Kh4 57.Bg2 Kg3 58.Bd5 Qd2 59.Bg2 g4
60.h4 f4 61.h5 f3 62.Bxf3 Qh2# 0-1

[Event "19th EUR-ch"]
[Site "Batumi GEO"]
[Date "2018.03.18"]
[Round "2.133"]
[White "Tokranovs, Dmitrijs"]
[Black "Ismayilov, Muhammad"]
[Result "1-0"]
[WhiteElo "2375"]
[BlackElo "2021"]
[EventDate "2018.03.17"]
[PlyCount "82"]

1.e4 e6 2.d4 d5 3.Bd3 c5 4.exd5 exd5 5.Nf3 Nf6 6.O-O Nc6 7.Re1+ Be7 8.dxc5
O-O 9.Nbd2 Bxc5 10.Nb3 Bd6 11.h3 h6 12.c3 Ne4 13.Be3 f5 14.c4 dxc4 15.
Bxc4+ Kh7 16.Nbd4 Ne5 17.Ne6 Bxe6 18.Bxe6 Nxf3+ 19.Qxf3 Qf6 20.Bd5 Qe5 21.
Rad1 Rae8 22.Bxe4 fxe4 23.Qg4 h5 24.Qh4 Qh2+ 25.Kf1 Bb4 26.Qxh5+ Kg8 27.
Qd5+ Rf7 28.Qb5 Ref8 29.Qxb4 Qh1+ 30.Ke2 Qxg2 31.Rd4 Rxf2+ 32.Bxf2 Rxf2+ 
33.Kd1 Rxb2 34.Rd8+ Kf7 35.Rf8+ Kg6 36.Qxe4+ Qxe4 37.Rxe4 Rxa2 38.Rg4+ Kh7
39.Rf7 Ra1+ 40.Kc2 Ra3 41.Rfxg7+ Kh6 1-0

[Event "19th EUR-ch"]
[Site "Batumi GEO"]
[Date "2018.03.18"]
[Round "2.134"]
[White "Atakishiev, Elmar"]
[Black "Huber, Martin Christian"]
[Result "1-0"]
[WhiteElo "1999"]
[BlackElo "2372"]
[EventDate "2018.03.17"]
[PlyCount "75"]

1.e4 c5 2.Nf3 e6 3.d4 cxd4 4.Nxd4 Nc6 5.Nc3 Qc7 6.f4 a6 7.Nxc6 Qxc6 8.Bd3 
b5 9.Qe2 Bb7 10.Bd2 Bc5 11.O-O-O Ne7 12.a3 O-O 13.Kb1 Rac8 14.Rhf1 f5 15.
g4 d5 16.gxf5 exf5 17.exd5 Nxd5 18.Nxd5 Qxd5 19.Rfe1 Qf7 20.Qe6 g6 21.Qe2 
Rfe8 22.Qf1 Bd4 23.h4 h5 24.Rxe8+ Rxe8 25.Re1 Be4 26.a4 Kh7 27.axb5 axb5 
28.Bxe4 fxe4 29.Qxb5 Bf2 30.Re2 e3 31.Bc3 Rd8 32.b3 Qd7 33.Qa4 Qb7 34.Qb4 
Qd7 35.Kb2 Re8 36.Qd4 Qb7 37.Qf6 Qd5 38.Qg7# 1-0

[Event "19th EUR-ch"]
[Site "Batumi GEO"]
[Date "2018.03.18"]
[Round "2.135"]
[White "Torosian, Norayr"]
[Black "Janiashvili, Mariami"]
[Result "1-0"]
[WhiteElo "2371"]
[BlackElo "1987"]
[EventDate "2018.03.17"]
[PlyCount "77"]

1.e4 g6 2.d4 Bg7 3.Nc3 d6 4.f4 e5 5.dxe5 dxe5 6.Qxd8+ Kxd8 7.Nf3 Be6 8.Ng5
h6 9.f5 hxg5 10.fxe6 fxe6 11.Bxg5+ Bf6 12.O-O-O+ Ke7 13.Be3 Nd7 14.Na4 Rh4
15.Nc5 Nxc5 16.Bxc5+ Ke8 17.g3 Rh7 18.Bc4 Bg5+ 19.Kb1 Nf6 20.h4 Bh6 21.
Rhf1 Nd7 22.Bb4 a5 23.Bc3 Ke7 24.Rf3 Nc5 25.Bxe5 Nxe4 26.Rfd3 Nc5 27.Rd4 
Bg7 28.Bxg7 Rxg7 29.c3 a4 30.b4 axb3 31.axb3 Rf7 32.b4 Na4 33.Rd7+ Ke8 34.
R7d3 Ke7 35.Re1 Rf6 36.Rde3 Kf8 37.Rxe6 Nxc3+ 38.Kc2 Rf3 39.Rxg6 1-0

[Event "19th EUR-ch"]
[Site "Batumi GEO"]
[Date "2018.03.18"]
[Round "2.136"]
[White "Lewtak, Damian"]
[Black "Babukhadia, Levan"]
[Result "1-0"]
[WhiteElo "2370"]
[BlackElo "1968"]
[EventDate "2018.03.17"]
[PlyCount "85"]

1.e4 c5 2.Nf3 d6 3.d4 cxd4 4.Qxd4 Nc6 5.Bb5 Bd7 6.Bxc6 Bxc6 7.Nc3 Nf6 8.
Bg5 e6 9.O-O-O Be7 10.Qd3 O-O 11.Nd4 Qa5 12.h4 Rac8 13.f4 a6 14.Rh3 Rfe8 
15.Bxf6 Bxf6 16.g4 b5 17.a3 b4 18.Nb3 Qb6 19.axb4 Qxb4 20.Qxd6 a5 21.Qxb4 
axb4 22.Na2 Bxe4 23.Nxb4 Rc4 24.c3 Rec8 25.Nc2 Bxc2 26.Kxc2 Rxf4 27.g5 Be5
28.Nc1 Rf2+ 29.Rd2 Rf1 30.Nd3 Bd6 31.b4 e5 32.Kb3 e4 33.Nb2 Bf4 34.Re2 e3 
35.Nd3 h6 36.Nxf4 Rxf4 37.gxh6 gxh6 38.Rexe3 Rcc4 39.h5 Kg7 40.Ref3 Rg4 
41.Rhg3 f5 42.Rxg4+ fxg4 43.Kxc4 1-0